What Nfl Teams Are In The Playoffs? - Statistics

General Stats
  • This quiz has been taken 213 times
  • The average score is 11 of 14
Answers on the Grid
Answers color-coded by a green-red scale on the quiz's grid according to % correct below.
Lions
Bears
Cowboys
Giants
Eagles
Commanders
Packers
Saints
Vikings
Seahawks
Panthers
Buccaneers
Falcons
49ers
Cardinals
Rams
Chiefs
Browns
Raiders
Ravens
Bengals
Dolphins
Steelers
Chargers
Jets
Broncos
Patriots
Colts
Jaguars
Bills
Titans
Texans
 
Answer Stats
Answer % Correct
Lions
95%
Eagles
89%
Commanders
85%
Chiefs
82%
Packers
80%
Vikings
80%
Rams
77%
Buccaneers
76%
Steelers
76%
Ravens
75%
Bills
74%
Texans
72%
Broncos
70%
Chargers
70%
No matching quizzes found
Score Distribution
Percent of People with Each Score
Percentile by Number Answered
Your Score History
You have not taken this quiz